000
00329nam a2200133Ia 4500
008
240624s9999 xx 000 0 und d
041
_a
eng
082
_a
828 CLE
100
_a
CLEGG BRIAN
245
_a
INFLIGHT SCIENCE A GUIDE TO THE WORLD FR
260
_c
2011
_a
New Delhi
_b
Icon Books
300
_a
224 : p.
365
_c
RS
_b
25
999
_c
17414
_d
17414